| 000 | 00685nam a22001937a 4500 | ||
|---|---|---|---|
| 005 | 20250502143129.0 | ||
| 010 | _aENG-141085 | ||
| 020 |
_c140.00 _a817017497 |
||
| 035 | _aEN-124617 | ||
| 037 | _bDBAD | ||
| 082 | _a650.11 | ||
| 100 |
_aSUBRAMANIAN V.K. _980997 |
||
| 245 |
_aHEAVENLY LIVING HERE & NOW: _bA COMPLETE GUIDE TO TOTAL LIFE MANAGEMENT/ _cV.K. SUBRAMANIAN |
||
| 260 |
_aNew delhi _bShakit Malik Abhinav Publications _c2014 |
||
| 270 |
_bNew delhi _e110016 _aE-24, Hauz Khas |
||
| 300 |
_a175pages _c23cm |
||
| 500 | _aहर लाइलाज समस्या का इलाज आपके अंदर है | ||
| 942 |
_2ddc _cHN _h650.11 _mIAN |
||
| 999 |
_c204616 _d204616 |
||